00813cam 22002531 4500001000800000005001700008008004100025035002100066906004500087010001700132035001900149040002400168050001900192082001200211100005000223245004900273260003200322300001900354490002700373650004400400985002100444991006000465099003400525651398719991118105535.0751104s1954 nyu 000 0 eng  9(DLC) 54010655 a7bcbccoclcrplduencipf19gy-gencatlg a 54010655  a(OCoLC)1803468 aDLCcFJdOCoLCdDLC00aPA3626.A2bR62 a882.0821 aRobinson, Charles Alexander,d1900-1965,eed.13aAn anthology of Greek drama,bsecond series. aNew York,bRinehartc[1954] a398 p.c19 cm.0 aRinehart editions,v68 0aGreek dramaxTranslations into English. eOCLC REPLACEMENT bc-GenCollhPA3626.A2iR62p00030526065tCopy 1wOCLCREP arobinson-anthology-1072275263